<?xml version="1.0" encoding="UTF-8"?>
<record
    xmlns:xsi="http://www.w3.org/2001/XMLSchema-instance"
    xsi:schemaLocation="http://www.loc.gov/MARC21/slim http://www.loc.gov/standards/marcxml/schema/MARC21slim.xsd"
    xmlns="http://www.loc.gov/MARC21/slim">

  <leader>00698nam a22001577a 4500</leader>
  <controlfield tag="003">OSt</controlfield>
  <controlfield tag="005">20160106154122.0</controlfield>
  <controlfield tag="008">160106b        xxu||||| |||| 00| 0 eng d</controlfield>
  <datafield tag="040" ind1=" " ind2=" ">
    <subfield code="c">RUA</subfield>
  </datafield>
  <datafield tag="082" ind1=" " ind2=" ">
    <subfield code="a">LMA KHU 2011 B310 Or.1</subfield>
  </datafield>
  <datafield tag="100" ind1=" " ind2=" ">
    <subfield code="9">6155</subfield>
    <subfield code="a">KHUT, SOKEA.</subfield>
  </datafield>
  <datafield tag="245" ind1=" " ind2=" ">
    <subfield code="a">Study on procedure of forestry boundary adjustment after systematic land registration, &#x179F;&#x17B7;&#x1780;&#x17D2;&#x179F;&#x17B6;&#x179B;&#x17BE;&#x178A;&#x17C6;&#x178E;&#x17BE;&#x179A;&#x1780;&#x17B6;&#x179A;&#x1780;&#x17C2;&#x179F;&#x1798;&#x17D2;&#x179A;&#x17BD;&#x179B;&#x1796;&#x17D2;&#x179A;&#x17C6;&#x1794;&#x17D2;&#x179A;&#x1791;&#x179B;&#x17CB;&#x178A;&#x17B8;&#x1796;&#x17D2;&#x179A;&#x17C3;&#x1794;&#x1793;&#x17D2;&#x1791;&#x17B6;&#x1794;&#x17CB;&#x1796;&#x17B8;&#x1798;&#x17B6;&#x1793;&#x1780;&#x17B6;&#x179A;&#x1785;&#x17BB;&#x17C7;&#x1794;&#x1789;&#x17D2;&#x1787;&#x17B8;&#x1798;&#x17B6;&#x1793;&#x179B;&#x1780;&#x17D2;&#x1781;&#x178E;&#x17C8;&#x1787;&#x17B6;&#x1794;&#x17D2;&#x179A;&#x1796;&#x17D0;&#x1793;&#x17D2;&#x1792;</subfield>
  </datafield>
  <datafield tag="260" ind1=" " ind2=" ">
    <subfield code="a">Phnom Penh</subfield>
    <subfield code="b">RUA</subfield>
    <subfield code="c">2011</subfield>
  </datafield>
  <datafield tag="300" ind1=" " ind2=" ">
    <subfield code="a">xiii; 46p.</subfield>
    <subfield code="b">ill.</subfield>
    <subfield code="c">29cm.</subfield>
  </datafield>
  <datafield tag="942" ind1=" " ind2=" ">
    <subfield code="2">ddc</subfield>
    <subfield code="c">LMA</subfield>
  </datafield>
  <datafield tag="999" ind1=" " ind2=" ">
    <subfield code="c">5731</subfield>
    <subfield code="d">5731</subfield>
  </datafield>
  <datafield tag="952" ind1=" " ind2=" ">
    <subfield code="0">0</subfield>
    <subfield code="1">0</subfield>
    <subfield code="2">ddc</subfield>
    <subfield code="4">0</subfield>
    <subfield code="6">LMA_KHU_2011_000000000000000_B310_OR_1</subfield>
    <subfield code="7">0</subfield>
    <subfield code="9">31348</subfield>
    <subfield code="a">LBB</subfield>
    <subfield code="b">LBB</subfield>
    <subfield code="c"> 	B310</subfield>
    <subfield code="d">2016-01-06</subfield>
    <subfield code="o">LMA KHU 2011 B310 Or.1</subfield>
    <subfield code="p">RUA018894</subfield>
    <subfield code="r">2016-01-06</subfield>
    <subfield code="w">2016-01-06</subfield>
    <subfield code="y">LMA</subfield>
  </datafield>
  <datafield tag="952" ind1=" " ind2=" ">
    <subfield code="0">0</subfield>
    <subfield code="1">0</subfield>
    <subfield code="2">ddc</subfield>
    <subfield code="4">0</subfield>
    <subfield code="6">LMA_KHU_2011_000000000000000_B310_OR_2</subfield>
    <subfield code="7">0</subfield>
    <subfield code="9">31349</subfield>
    <subfield code="a">LBB</subfield>
    <subfield code="b">LBB</subfield>
    <subfield code="c"> 	B310</subfield>
    <subfield code="d">2016-01-06</subfield>
    <subfield code="l">1</subfield>
    <subfield code="o">LMA KHU 2011 B310 Or.2</subfield>
    <subfield code="p">RUA018822</subfield>
    <subfield code="r">2016-07-19</subfield>
    <subfield code="s">2016-07-06</subfield>
    <subfield code="w">2016-01-06</subfield>
    <subfield code="y">LMA</subfield>
  </datafield>
  <datafield tag="952" ind1=" " ind2=" ">
    <subfield code="0">0</subfield>
    <subfield code="1">0</subfield>
    <subfield code="2">ddc</subfield>
    <subfield code="4">0</subfield>
    <subfield code="6">LMA_KHU_2011_000000000000000_B310_OR_3</subfield>
    <subfield code="7">0</subfield>
    <subfield code="9">31350</subfield>
    <subfield code="a">LBB</subfield>
    <subfield code="b">LBB</subfield>
    <subfield code="c"> 	B310</subfield>
    <subfield code="d">2016-01-06</subfield>
    <subfield code="o">LMA KHU 2011 B310 Or.3</subfield>
    <subfield code="p">RUA018750</subfield>
    <subfield code="r">2016-01-06</subfield>
    <subfield code="w">2016-01-06</subfield>
    <subfield code="y">LMA</subfield>
  </datafield>
  <datafield tag="952" ind1=" " ind2=" ">
    <subfield code="0">0</subfield>
    <subfield code="1">0</subfield>
    <subfield code="2">ddc</subfield>
    <subfield code="4">0</subfield>
    <subfield code="6">LMA_KHU_2011_000000000000000_B310_OR_4</subfield>
    <subfield code="7">0</subfield>
    <subfield code="9">31351</subfield>
    <subfield code="a">LBB</subfield>
    <subfield code="b">LBB</subfield>
    <subfield code="c"> 	B310</subfield>
    <subfield code="d">2016-01-06</subfield>
    <subfield code="l">1</subfield>
    <subfield code="o">LMA KHU 2011 B310 Or.4</subfield>
    <subfield code="p">RUA025960</subfield>
    <subfield code="r">2023-10-02</subfield>
    <subfield code="s">2023-09-13</subfield>
    <subfield code="w">2016-01-06</subfield>
    <subfield code="y">LMA</subfield>
  </datafield>
  <datafield tag="952" ind1=" " ind2=" ">
    <subfield code="0">0</subfield>
    <subfield code="1">0</subfield>
    <subfield code="2">ddc</subfield>
    <subfield code="4">0</subfield>
    <subfield code="6">LMA_KHU_2011_000000000000000_B310_OR_5</subfield>
    <subfield code="7">0</subfield>
    <subfield code="9">31352</subfield>
    <subfield code="a">LBB</subfield>
    <subfield code="b">LBB</subfield>
    <subfield code="c"> 	B310</subfield>
    <subfield code="d">2016-01-06</subfield>
    <subfield code="o">LMA KHU 2011 B310 Or.5</subfield>
    <subfield code="p">RUA025904</subfield>
    <subfield code="r">2016-01-06</subfield>
    <subfield code="w">2016-01-06</subfield>
    <subfield code="y">LMA</subfield>
  </datafield>
  <datafield tag="952" ind1=" " ind2=" ">
    <subfield code="0">0</subfield>
    <subfield code="1">0</subfield>
    <subfield code="2">ddc</subfield>
    <subfield code="4">0</subfield>
    <subfield code="6">LMA_KHU_2011_000000000000000_B310_OR_6</subfield>
    <subfield code="7">0</subfield>
    <subfield code="9">31353</subfield>
    <subfield code="a">LBB</subfield>
    <subfield code="b">LBB</subfield>
    <subfield code="c"> 	B310</subfield>
    <subfield code="d">2016-01-06</subfield>
    <subfield code="l">1</subfield>
    <subfield code="o">LMA KHU 2011 B310 Or.6</subfield>
    <subfield code="p">RUA018741</subfield>
    <subfield code="r">2016-08-01</subfield>
    <subfield code="s">2016-07-06</subfield>
    <subfield code="w">2016-01-06</subfield>
    <subfield code="y">LMA</subfield>
  </datafield>
  <datafield tag="952" ind1=" " ind2=" ">
    <subfield code="0">0</subfield>
    <subfield code="1">0</subfield>
    <subfield code="2">ddc</subfield>
    <subfield code="4">0</subfield>
    <subfield code="6">LMA_KHU_2011_000000000000000_B310_OR_7</subfield>
    <subfield code="7">0</subfield>
    <subfield code="9">31354</subfield>
    <subfield code="a">LBB</subfield>
    <subfield code="b">LBB</subfield>
    <subfield code="c"> 	B310</subfield>
    <subfield code="d">2016-01-06</subfield>
    <subfield code="o">LMA KHU 2011 B310 Or.7</subfield>
    <subfield code="p">RUA018742</subfield>
    <subfield code="r">2016-01-06</subfield>
    <subfield code="w">2016-01-06</subfield>
    <subfield code="y">LMA</subfield>
  </datafield>
  <datafield tag="952" ind1=" " ind2=" ">
    <subfield code="0">0</subfield>
    <subfield code="1">0</subfield>
    <subfield code="2">ddc</subfield>
    <subfield code="4">0</subfield>
    <subfield code="6">LMA_KHU_2011_000000000000000_B310_OR_8</subfield>
    <subfield code="7">0</subfield>
    <subfield code="9">31355</subfield>
    <subfield code="a">LBB</subfield>
    <subfield code="b">LBB</subfield>
    <subfield code="c"> 	B310</subfield>
    <subfield code="d">2016-01-06</subfield>
    <subfield code="o">LMA KHU 2011 B310 Or.8</subfield>
    <subfield code="p">RUA018966</subfield>
    <subfield code="r">2016-01-06</subfield>
    <subfield code="w">2016-01-06</subfield>
    <subfield code="y">LMA</subfield>
  </datafield>
</record>
